• 首页
  • 本馆介绍
  • 公告通知
  • 最新文献
  • 馆藏检索
  • 电子资源
  • 读者导购
  • 参考咨询
  • 我的图书馆
  • 登录
  • 详细信息显示
  • 放入我的书架
  • 预约/预借图书
  • 作者相关作品
  • 分类相关作品
  • 丛书相关作品
  • 出版社相关作品

书目信息

  • 表格格式
  • 工作单格式
  • 卡片格式
题名:
大西洋
    
 
作者: 吴廷辉 编
分册:  
出版信息: 北京   商务印书馆  1982.11
页数: 170页
开本: 19cm
丛书名:
单 册:
中图分类: P725-49
科图分类:
主题词: 海洋学--区域
电子资源:
ISBN:
000 00550nam0 2200217 45
001 0405241706
005 20040923144428.3
010    @dCNY0.61
091    @a12017.281
100    @a20040524d1982 km y0chiy0120 ea
101 0  @achi
105    @a z 000yy
200 1  @a大西洋@ADa Xi Yang@f吴廷辉编@FWu Ting Hui Bian
210    @a北京@c商务印书馆@d1982.11
215    @a170页@d19cm
300    @a地理知识读物
606 0  @a海洋学@x区域
690    @aP725-49
701  0 @a吴廷辉@4编
801    @aCN@bPftUser@c20040524
905    @dP725-49@e19@f1@b157232
    
    大西洋/吴廷辉编.-北京:商务印书馆,1982.11
    170页;19cm
    地理知识读物
    
    ISBN :CNY0.61
    
●
相关链接 在E读中查询图书 在五车中查询图书 在当当中查询图书 在豆瓣中查询图书


正题名:大西洋     索取号:P725-49/19         预约/预借

序号 登录号 条形码 馆藏地/架位号 状态 备注
1 0157232   001961906   密集书库/ [索取号:P725-49/19] 在馆    
唐山师范学院图书馆 欢迎您!
大连网信软件有限公司© 版权所有